| 000 | 00604nam a22001577a 4500 | ||
|---|---|---|---|
| 020 | _qHard Cover. | ||
| 100 | _aMansoor, Sajid | ||
| 245 |
_aPHYLOGENOMICS OF HEPATITIS C VIRUS AND EVALUATION OF HOST IMMUNE FACTORS UNDER DIFFERENT TREATMENT REGIMES / _cSajid Mansoor. |
||
| 260 |
_aIslamabad: _bASAB - NUST, _c2017. |
||
| 300 |
_aVar. 193 p. : ill. ; _c30cm. |
||
| 650 |
_aPhD-Thesis PhD-Plant Biotechnology _9123923 |
||
| 700 |
_aDr. Aneela Javed. _919355 |
||
| 856 | _uhttp://10.250.8.41:8080/xmlui/handle/123456789/25505 | ||
| 942 |
_2ddc _cTHE |
||
| 999 |
_c527865 _d527865 |
||